000
00243 a2200097 4500
001
45577
100
_a
Lany, J
245
_a
Reference sources for small and medium sized libraries
260
_a
Chicago
_b
American lib
_c
090
_c
28739
_d
28739
942
_a
NUST-CAE
_c
M
_c
20823
999
_c
280650
_d
280650